Estadísticas para Formas de Países Prueba #2

Haz click aquí para tomar la prueba!

Estadísticas generales

  • Esta prueba ha sido tomada 7.005 veces
  • La puntuación promedio es 12 de 16

Estadísticas de respuestas

Respuesta% Correcto
Chile
98%
España
95%
Canadá
93%
Rusia
88%
Cuba
83%
Islandia
82%
Grecia
79%
Vietnam
77%
Turquía
76%
Filipinas
76%
Sudáfrica
76%
Nueva Zelanda
74%
Austria
71%
Libia
59%
Arabia Saudita
58%
Afganistán
42%

Distribución de puntuación

Porcentaje por número respondido

Porcentaje de gente con cada puntuación

Historial de tus puntuaciones

No has tomado esta prueba